00926nam a2200229Ia 4500001002400000003000900024008004100033040002300074041001300097100001900110245007300129250001500202260002500217300001200242490001900254500003300273501012400306942000700430957000600437999004100443952021200484261.8-COM er la (18616)IT-MiSPE171229s9999||||xx |||||||||||||| ||und|| aIT-MiSPEcIT-MiSPE aITALIANO aErnesto Combi  0aIl lavoro umanobDottrina sociale e catechesi degli adulti in Europa a1a ed. (v) aMilanobGlossac2005 a100 p.  aConscientiav3 aDottrina socile della Chiesa aEdizioni San Paolo srl - Piazza Soncino, 5 - 20092 CINISELLO BALSAMO (MI) (non commercial uses only) ® Copyright 2018 cBK 71 a5016bNOg Copie: 1 c343981d343981 0010406261_000000000000000_8COM_ER_LA_1861671aCINISELLObCINISELLOd2017-12-30l0o261.8-COM er la (18616)r2017-12-30 00:00:00w2017-12-30yBKz(data import: 20 dicembre 2017) - By Epidotti, Vaglietti.